| 000 -LEADER |
| fixed length control field |
00299cam a22000977a 4500 |
| 008 - FIXED-LENGTH DATA ELEMENTS--GENERAL INFORMATION |
| fixed length control field |
180718b1962 xxu||||| |||| 00| 0 eng d |
| 082 ## - DEWEY DECIMAL CLASSIFICATION NUMBER |
| Classification number |
K12x931 N42 |
| 245 ## - TITLE STATEMENT |
| Title |
Report of the Royal Commission on Inquriy: the state services in New Zealand |
| 260 ## - PUBLICATION, DISTRIBUTION, ETC. |
| Place of publication, distribution, etc. |
New Zealand |
| Name of publisher, distributor, etc. |
Wellington |
| Date of publication, distribution, etc. |
1962 |
| 300 ## - PHYSICAL DESCRIPTION |
| Extent |
470+p. |